000 00790nam a2200241Ia 4500
001 9740
003 GE_BSU
008 181216s||||||||xx |||||||||||||| ||und||
040 _cGE_BSU
080 _a821.353.1-1
100 _aგავაშელაშვილი,თამარ
245 _aნიჭი სიყვარულისა
245 _bლექსები
245 _cწინათქმა მზია ცქიფურიშვილისა
260 _aქუთაისი
260 _bსაგამომცემლო ცენტრი
260 _c2011
300 _a351გვ;20სმ.
300 _bფოტოები
653 _aლექსები
653 _aნიჭი სიყვარულისა
942 _cBK
999 _c43021
_d43021